Normal view
MARC view
Entry Personal Name
001 - CONTROL NUMBER
- control field: 18078
003 - CONTROL NUMBER IDENTIFIER
- control field: dpl
005 - DATE AND TIME OF LATEST TRANSACTION
- control field: 20100903123916.0
008 - FIXED-LENGTH DATA ELEMENTS
- fixed length control field: 100903|||a|||||| | ||| d
040 ## - CATALOGING SOURCE
- Original cataloging agency: dpl
- Transcribing agency: dpl
100 ## - HEADING--PERSONAL NAME
- Personal name: Kerkar, Kesarbai
670 ## - SOURCE DATA FOUND
- Source citation: Work cat.: (dpl): Kerkar, Kesarbai, Devi Durge- Kukub Beenaval :
670 ## - SOURCE DATA FOUND
- Source citation: Work cat.: (dpl): Kerkar, Kesarbai, Devi Durge- Kukub Beenaval :
